Statistics for Mystery Taylor Swift Song #56

Click here to take the quiz!

General Stats

  • This quiz has been taken 185 times
    (183 since last reset)
  • The average score is 114 of 148

Answer Stats

Song% Correct
I
99%
1989
98%
the
95%
you
95%
you?
95%
a
94%
is
90%
it
90%
of
90%
to
90%
and
88%
no!
88%
no
88%
your
88%
in
87%
now?
87%
on
87%
out
86%
over
86%
was
86%
when
86%
be
85%
go
85%
had
85%
he
85%
were
85%
my
84%
new
84%
then?
84%
all
83%
Baby
83%
down
83%
for
83%
her
83%
At
82%
Red
82%
see
82%
she
82%
But
81%
Just
81%
that
81%
Off
80%
Oh
80%
(Oh
80%
There
80%
'bout
79%
couch?
79%
did
79%
dream
79%
Is It Over Now?
79%
say
79%
something
79%
think
79%
about
78%
been
78%
Blue
78%
"Come
78%
come
78%
didn't
78%
girl
78%
If
78%
I've
78%
lights
78%
lights)
78%
one
78%
as
77%
bed
77%
before
77%
blouse?
77%
here"
77%
'lying
77%
mouth
77%
running
77%
(Running)
77%
tall
77%
whispered
77%
called
76%
flashing
76%
(Flashing
76%
hips
76%
jumping
76%
laid
76%
Let's
76%
clone
75%
ear
75%
every
75%
forward
75%
keep
75%
later
75%
least
75%
Lord)
75%
Lord
75%
model's
75%
Only
75%
search
75%
thing
75%
traitor'
75%
unbuttoned
75%
very
75%
wanting
75%
300
74%
coffees
74%
dress
74%
fast
74%
nights
74%
takeout
74%
thighs
74%
date
73%
decency
73%
eyes
73%
got
73%
greater
73%
rumors
73%
somethings
73%
white
73%
blood
72%
passed
72%
she's
72%
sight
72%
blind
71%
boat
71%
maiden's
71%
snow
71%
will
71%
With
71%
you'll
71%
alone
70%
dates
70%
awkward
69%
probably
69%
waiters
68%
control
67%
flight
67%
flown
67%
lost
67%
Once
67%
sighs
67%
smile
67%
still
67%
unsuspecting
67%
you'd
67%
slept
66%
wouldn't
66%
surmise
65%
profile
63%
rose
63%
hoping
60%
wilt
59%

Score Distribution

Percentile by Number Answered

Percent of People with Each Score

Your Score History

You have not taken this quiz since the last reset